| 000 | 00804cam a2200253 a 4500 | ||
|---|---|---|---|
| 005 | 20171124092128.0 | ||
| 008 | 171120s2006 sp r 000 f spa d | ||
| 015 | _aNNN | ||
| 020 | _a9788483463192 | ||
| 020 | _a9788439720058 | ||
| 040 |
_aCO-BoUCM _bspa _cSaul Niño _dSaul Niño |
||
| 041 | 1 |
_aspa _heng |
|
| 100 | 1 |
_aPalahniuk, Chuck _d1962- _989193 |
|
| 245 | 1 | 0 |
_aFantasmas _cChuck Palahniuk ; traducción de Javier Calvo |
| 260 |
_aBarcelona, España _bMondadori _c2006 |
||
| 300 | _a442 páginas | ||
| 490 | _aLiteratura Mondorini | ||
| 650 | 7 |
_aNovela estadounidense _920501 |
|
| 650 | 7 |
_aLiteratura estadounidense _918653 |
|
| 700 | 1 |
_aCalvo, Javier _d1973- _989194 |
|
| 765 | _tHaunted | ||
| 942 |
_2DEWEY _a18 _cLIBRORESER _e1 _h813.54 _mP153f |
||
| 999 |
_c307725 _d307725 |
||